000 00665nam a2200241Ia 4500
003 OSt
005 20220918181352.0
006 a|||||r|||| 00| 0
007 ta
008 220917b |||||||| |||| 00| 0 eng d
024 _a26,975
037 _cTextual
040 _aARTS
_cARTS
_beng
041 _2eng
_aeng
082 _aO111,2J72:g, M4 (TTO)
100 _aBarton Anne
_958021
245 0 _aBen Jonson dramatist
260 _aCambridge
_bCambridge Universty Press USA
_c1984
300 _axiv,370p.
_ccm.
650 _aENGLISH LITERATURE
942 _hO111,2J72:g, M4 (TTO)
_cTEXL
_2CC
999 _c165474
_d165474